[Event "BL 8586 Porz-Erlangen"]
[Site "?"]
[Date "1986.??.??"]
[Round "?.2"]
[White "Troeger, P."]
[Black "Huenerkopf, H."]
[Result "1/2-1/2"]
[WhiteElo "2255"]
[BlackElo "2320"]
[PlyCount "37"]
[EventDate "1986.??.??"]

1. d4 Nf6 2. Nf3 g6 3. Nbd2 c5 4. e3 cxd4 5. exd4 Bg7 6. Bc4 d5 7. Bd3 Nc6 8.
c3 O-O 9. O-O e5 10. Nxe5 Nxe5 11. dxe5 Ng4 12. Be2 Nxe5 13. Nf3 Nc6 14. Be3
Bg4 15. h3 Bxf3 16. Bxf3 d4 17. cxd4 Nxd4 18. Bxd4 Bxd4 19. Qb3 1/2-1/2

[Event "BL 8586 Porz-Erlangen"]
[Site "?"]
[Date "1986.??.??"]
[Round "?.3"]
[White "Heidrich, M."]
[Black "Goehring, K."]
[Result "1/2-1/2"]
[WhiteElo "2260"]
[BlackElo "2355"]
[PlyCount "72"]
[EventDate "1986.??.??"]

1. e4 e5 2. Nf3 Nc6 3. Nc3 g6 4. d4 exd4 5. Nxd4 Bg7 6. Be3 d6 7. Qd2 Nf6 8.
Be2 O-O 9. O-O-O Re8 10. f3 Nxd4 11. Bxd4 Be6 12. Rhe1 c6 13. g4 b5 14. g5 Nh5
15. Bxg7 Nxg7 16. h4 b4 17. Nb1 Qb6 18. Qd4 d5 19. Qxb6 axb6 20. a3 bxa3 21.
Nxa3 Nh5 22. exd5 Bxd5 23. c4 Rxe2 24. Rxe2 Bxf3 25. Re7 Bxd1 26. Kxd1 Rd8+ 27.
Ke1 Rd6 28. Rb7 c5 29. Nb5 Re6+ 30. Kf2 Re4 31. Nd6 Rxh4 32. Rxb6 f6 33. Rb8+
Kg7 34. Rb7+ Kg8 35. Rb8+ Kg7 36. Rb7+ Kg8 1/2-1/2

[Event "BL 8586 Porz-Erlangen"]
[Site "?"]
[Date "1986.??.??"]
[Round "?.4"]
[White "Gruen, G."]
[Black "Roeder, G."]
[Result "0-1"]
[WhiteElo "2410"]
[BlackElo "2315"]
[PlyCount "102"]
[EventDate "1986.??.??"]

1. d4 d5 2. c4 c6 3. Nf3 Nf6 4. Qc2 g6 5. Bf4 Bg7 6. e3 Bf5 7. Qb3 Qb6 8. c5
Qxb3 9. axb3 Nbd7 10. Nc3 O-O 11. h3 h6 12. b4 g5 13. Bh2 a6 14. Be2 Rfe8 15.
O-O Nh7 16. g4 Bg6 17. Nd2 e5 18. dxe5 Nxe5 19. Nb3 Bd3 20. Bxe5 Bxe2 21. Nxe2
Bxe5 22. Ned4 Nf8 23. Nf5 Kh7 24. Rab1 Ne6 25. Kg2 Rad8 26. h4 Ng7 27. Nbd4
Bxd4 28. Nxd4 Re4 29. Kf3 gxh4 30. Rh1 f5 31. gxf5 Rf8 32. Ke2 Nxf5 33. Nxf5
Rxf5 34. b5 axb5 35. f3 Rc4 36. b4 Rg5 37. f4 Rg2+ 38. Kd3 Rg3 39. Rxh4 d4 40.
Rbh1 Rxe3+ 41. Kd2 Re6 42. f5 Rf6 43. Rh5 Rxb4 44. Re1 Rc4 45. Re7+ Kg8 46.
Rxb7 Rxc5 47. Rb8+ Rf8 48. Rb6 Rf6 49. Rb8+ Kf7 50. Rb7+ Ke8 51. Rb8+ Kd7 0-1

[Event "BL 8586 Porz-Erlangen"]
[Site "?"]
[Date "1986.??.??"]
[Round "?.5"]
[White "Autenrieth, M."]
[Black "Marian, R."]
[Result "1/2-1/2"]
[WhiteElo "2315"]
[BlackElo "2285"]
[PlyCount "43"]
[EventDate "1986.??.??"]

1. e4 c5 2. d3 d5 3. Nd2 Nf6 4. Ngf3 Nc6 5. g3 Bg4 6. h3 Bxf3 7. Qxf3 e6 8. Bg2
Qc7 9. O-O Be7 10. c3 Rd8 11. Qe2 b5 12. Nf3 O-O 13. e5 Nd7 14. Re1 Nb6 15. h4
b4 16. Ng5 Na4 17. Qh5 h6 18. Nf3 Kh7 19. c4 Nb6 20. cxd5 Nxd5 21. Ng5+ Kg8 22.
Nh3 1/2-1/2

[Event "BL 8586 Porz-Erlangen"]
[Site "?"]
[Date "1986.??.??"]
[Round "?.6"]
[White "Gerusel, M."]
[Black "Roeder, F."]
[Result "1-0"]
[WhiteElo "2390"]
[BlackElo "2250"]
[PlyCount "87"]
[EventDate "1986.??.??"]

1. d4 d5 2. c4 c6 3. Nf3 Nf6 4. Nc3 Bf5 5. cxd5 cxd5 6. Qb3 Qb6 7. Bf4 e6 8. e3
Qxb3 9. axb3 Nc6 10. Bb5 Nd7 11. Kd2 Bb4 12. Bxc6 bxc6 13. Ra6 Nb8 14. Bxb8
Rxb8 15. Ne5 c5 16. Rxa7 cxd4 17. exd4 Bd6 18. Rha1 Bxe5 19. dxe5 O-O 20. R1a3
Rfd8 21. Ne2 d4 22. R7a4 d3 23. Nd4 Be4 24. Nxe6 fxe6 25. Rxe4 Rd5 26. b4 Rbd8
27. Rb3 Kf7 28. b5 Rb8 29. b6 Ke7 30. f4 Kd7 31. b7 Ke7 32. Reb4 Rd7 33. g3 h5
34. h3 Kf7 35. Rb6 Ke7 36. Rxd3 Rdxb7 37. Rxb7+ Rxb7 38. b3 Rc7 39. h4 Kf7 40.
b4 Kg6 41. b5 Kf5 42. Ke3 Kg4 43. Kd4 Rd7+ 44. Kc4 1-0

[Event "BL 8586 Wuppertal-Bamberg"]
[Site "?"]
[Date "1986.??.??"]
[Round "?.1"]
[White "Pfleger, He"]
[Black "Dresen, U."]
[Result "1-0"]
[WhiteElo "2490"]
[BlackElo "2305"]
[PlyCount "88"]
[EventDate "1986.??.??"]

1. c4 g6 2. Nc3 Bg7 3. g3 Nf6 4. Bg2 O-O 5. d4 d6 6. e4 e5 7. Nge2 Nc6 8. d5
Ne7 9. O-O Nh5 10. Be3 f5 11. Qd2 Nf6 12. f3 Bd7 13. Rac1 h5 14. h4 b6 15. b4
a5 16. a3 axb4 17. axb4 fxe4 18. fxe4 Kh7 19. c5 bxc5 20. bxc5 Neg8 21. c6 Bc8
22. Ra1 Ba6 23. Bf3 Nh6 24. Kg2 Nfg4 25. Bg5 Qb8 26. Rfb1 Qa7 27. Ng1 Qd4 28.
Ra4 Bf1+ 29. Rxf1 Rxa4 30. Nxa4 Qxa4 31. Rb1 Nf7 32. Nh3 Qa3 33. Qe2 Nfh6 34.
Bc1 Qc3 35. Ng5+ Kg8 36. Bd2 Qc2 37. Rc1 Qa2 38. Ne6 Rb8 39. Nxc7 Rb2 40. Rd1
Nf5 41. exf5 Bh6 42. Qa6 Ne3+ 43. Kh3 Nxd1 44. Qc8+ Bf8 1-0

[Event "BL 8586 Wuppertal-Bamberg"]
[Site "?"]
[Date "1986.??.??"]
[Round "?.2"]
[White "Schneider, B1."]
[Black "Seppeur, R."]
[Result "1/2-1/2"]
[WhiteElo "2290"]
[BlackElo "2295"]
[PlyCount "44"]
[EventDate "1986.??.??"]

1. c4 Nf6 2. Nf3 g6 3. g3 Bg7 4. Bg2 O-O 5. O-O d6 6. Nc3 Nc6 7. d3 e5 8. Rb1
h6 9. b4 a6 10. a4 Be6 11. Nd2 d5 12. b5 axb5 13. axb5 Ne7 14. Bb2 c6 15. Ra1
Nd7 16. bxc6 bxc6 17. Rxa8 Qxa8 18. Qc2 Re8 19. Ra1 Qb7 20. Na4 Ra8 21. e3 Nf5
22. Rb1 Qa7 1/2-1/2

[Event "BL 8586 Wuppertal-Bamberg"]
[Site "?"]
[Date "1986.??.??"]
[Round "?.3"]
[White "Rodriguez, M."]
[Black "Meyer, P."]
[Result "0-1"]
[WhiteElo "2465"]
[BlackElo "2280"]
[PlyCount "138"]
[EventDate "1986.??.??"]

1. c4 e6 2. Nf3 Nf6 3. Nc3 d5 4. d4 c6 5. cxd5 exd5 6. Bf4 Bf5 7. e3 Qb6 8. Qc1
Be7 9. Be2 Nbd7 10. h3 h6 11. O-O O-O 12. Ne1 Rac8 13. Bd3 Bxd3 14. Nxd3 Ne4
15. b4 Qa6 16. Rd1 b6 17. a4 Rfe8 18. Ra2 Ndf6 19. f3 Nd6 20. Ne5 Qb7 21. Qb1
Nh5 22. Bh2 Bg5 23. Re2 Nc4 24. g4 Bxe3+ 25. Rxe3 Nxe3 26. Re1 f6 27. Ng6 Qd7
28. Qd3 Nc4 29. Rxe8+ Rxe8 30. Ne4 f5 31. Nd6 Nxd6 32. Ne5 Qe6 33. gxh5 Nc4 34.
Bg3 Nxe5 35. Bxe5 c5 36. bxc5 bxc5 37. f4 cxd4 38. Kh2 Rc8 39. Qxd4 Qf7 40. Qd1
Kh7 41. a5 Rc5 42. a6 Qe6 43. Qb1 Qxa6 44. Qxf5+ Kg8 45. Qg4 Rc2+ 46. Kg3 Qa3+
47. Kh4 Qe7+ 48. Kg3 a5 49. Qg6 Qa3+ 50. Kh4 Qe7+ 51. Kg3 Rc4 52. Qa6 Qf7 53.
Qxa5 Kh7 54. Kg4 Re4 55. Qb6 g5 56. Qb8 Qe6+ 57. Kg3 gxf4+ 58. Bxf4 Qf6 59. Kf3
Re7 60. Qb1+ Kg7 61. Qg1+ Kh8 62. Qc1 d4 63. Qc8+ Kg7 64. Qg4+ Kh7 65. Qc8 Re3+
66. Kg2 Qxf4 67. Qd7+ Kg8 68. Qd5+ Kf8 69. Qc5+ Kf7 0-1

[Event "BL 8586 Wuppertal-Bamberg"]
[Site "?"]
[Date "1986.??.??"]
[Round "?.4"]
[White "Ingenerf, S."]
[Black "Ruehrig, V."]
[Result "1-0"]
[WhiteElo "2270"]
[BlackElo "2375"]
[PlyCount "147"]
[EventDate "1986.??.??"]

1. c4 g6 2. Nc3 Bg7 3. g3 Nf6 4. Bg2 O-O 5. Rb1 c6 6. e4 d5 7. cxd5 cxd5 8. e5
Ne4 9. d4 Bf5 10. Nxe4 Bxe4 11. Bxe4 dxe4 12. Ne2 Qa5+ 13. b4 Qxa2 14. Be3 Rd8
15. Qb3 Qxb3 16. Rxb3 f6 17. O-O fxe5 18. dxe5 Nc6 19. b5 Nxe5 20. Rb4 Rac8 21.
Rxe4 Nf3+ 22. Kg2 Nd2 23. Bxd2 Rxd2 24. Rxe7 Kf8 25. Re4 Re8 26. Rf4+ Kg8 27.
Ng1 Rb2 28. Ra4 Ra8 29. Rfa1 Rf8 30. Rf1 Rxb5 31. Rxa7 Rb2 32. Nf3 Rc8 33. h4
h6 34. h5 g5 35. Nh2 Rc4 36. Ra8+ Kf7 37. Rd1 Ke7 38. Rad8 Rc7 39. Ng4 b5 40.
Ne3 Bf6 41. R1d6 Kf7 42. Rxf6+ Kxf6 43. Nd5+ Ke5 44. Nxc7 b4 45. Kf3 Rb3+ 46.
Ke2 Rc3 47. Nb5 Rc2+ 48. Ke3 b3 49. f4+ gxf4+ 50. gxf4+ Kf6 51. Rd6+ Ke7 52.
Rb6 Rh2 53. Nc3 b2 54. Ne2 Rxh5 55. Rxb2 Ra5 56. Nd4 Ra6 57. Ke4 Kf6 58. Rc2
Ra4 59. Rc6+ Kg7 60. Rd6 h5 61. Ke5 Ra5+ 62. Rd5 Ra1 63. Rd7+ Kg8 64. Ne6 h4
65. Kf6 Ra6 66. Rg7+ Kh8 67. Rg4 h3 68. Rh4+ Kg8 69. Rxh3 Ra7 70. Rg3+ Kh8 71.
f5 Rh7 72. Ra3 Rh6+ 73. Kg5 Rh1 74. Kg6 1-0

[Event "BL 8586 Erlangen-Wuppertal"]
[Site "?"]
[Date "1986.??.??"]
[Round "?.1"]
[White "Dresen, U."]
[Black "Hartmann, Wo"]
[Result "1/2-1/2"]
[WhiteElo "2305"]
[BlackElo "2315"]
[PlyCount "30"]
[EventDate "1986.??.??"]

1. g3 c5 2. Bg2 g6 3. c4 Bg7 4. Nc3 Nc6 5. Nf3 e5 6. d3 Nge7 7. O-O d6 8. a3 a5
9. Bd2 O-O 10. Rb1 Rb8 11. Ne1 Be6 12. Nc2 d5 13. cxd5 Nxd5 14. Ne3 Nxe3 15.
Bxe3 c4 1/2-1/2

[Event "BL 8586 Erlangen-Wuppertal"]
[Site "?"]
[Date "1986.??.??"]
[Round "?.2"]
[White "Huenerkopf, H."]
[Black "Schneider, B1."]
[Result "1/2-1/2"]
[WhiteElo "2320"]
[BlackElo "2290"]
[PlyCount "60"]
[EventDate "1986.??.??"]

1. e4 g6 2. d4 Bg7 3. Nc3 c6 4. Nf3 d5 5. h3 Nh6 6. Bf4 f6 7. exd5 cxd5 8. Nb5
O-O 9. c4 a6 10. Nc7 e5 11. Nxa8 exf4 12. c5 Bf5 13. Nb6 Nc6 14. Be2 Be4 15.
O-O Nf5 16. Qa4 g5 17. Rad1 h5 18. Nd2 Nfxd4 19. Nxe4 dxe4 20. Bc4+ Kh8 21. Bd5
f5 22. Rxd4 Bxd4 23. Bxc6 bxc6 24. Rd1 e3 25. fxe3 Bxe3+ 26. Kh1 Qe7 27. Qxc6
Rf6 28. Qc8+ Rf8 29. Qc6 Rf6 30. Qc8+ Rf8 1/2-1/2

[Event "BL 8586 Erlangen-Wuppertal"]
[Site "?"]
[Date "1986.??.??"]
[Round "?.3"]
[White "Meyer, P."]
[Black "Heidrich, M."]
[Result "0-1"]
[WhiteElo "2280"]
[BlackElo "2260"]
[PlyCount "34"]
[EventDate "1986.??.??"]

1. d4 d5 2. c4 dxc4 3. e4 e5 4. Nf3 exd4 5. Bxc4 Bb4+ 6. Bd2 Bxd2+ 7. Nbxd2 Nc6
8. O-O Nf6 9. e5 Ng4 10. h3 Nh6 11. Nb3 Nf5 12. Re1 O-O 13. Re4 Be6 14. Bxe6
fxe6 15. Nbxd4 Qd5 16. Qd3 Ncxd4 17. Nxd4 c5 0-1

[Event "BL 8586 Erlangen-Wuppertal"]
[Site "?"]
[Date "1986.??.??"]
[Round "?.4"]
[White "Roeder, G."]
[Black "Ingenerf, S."]
[Result "0-1"]
[WhiteElo "2315"]
[BlackElo "2270"]
[PlyCount "104"]
[EventDate "1986.??.??"]

1. e4 g6 2. d4 d6 3. g3 Bg7 4. Bg2 e5 5. dxe5 dxe5 6. Qxd8+ Kxd8 7. Ne2 c6 8.
Nbc3 f6 9. Be3 Nh6 10. O-O-O+ Kc7 11. f4 Nf7 12. fxe5 Nxe5 13. Rhf1 Nbd7 14.
Nf4 Re8 15. Nd3 Nc4 16. Bf4+ Nde5 17. Kb1 Bg4 18. Rde1 g5 19. Bc1 Rad8 20. h3
Bh5 21. g4 Bg6 22. Rd1 Nd6 23. Nf2 h5 24. b3 hxg4 25. hxg4 Rh8 26. Rh1 Bf7 27.
Ba3 Rxh1 28. Rxh1 Be6 29. Rh7 Rd7 30. Ncd1 Nb5 31. Bc1 Bg8 32. Rh1 Nxg4 33. Nd3
Re7 34. a4 Nd6 35. Ba3 Ne5 36. Ne3 Be6 37. Nxe5 fxe5 38. Bh3 Bxh3 39. Rxh3 Rf7
40. Bxd6+ Kxd6 41. Nf5+ Ke6 42. Rh7 Kf6 43. Kc1 Rd7 44. Rh2 Kg6 45. Rh1 g4 46.
Rh4 Kg5 47. Rh7 Kf4 48. Nxg7 Kf3 49. Ne6 Rxh7 50. Ng5+ Kf4 51. Nxh7 g3 52. Kd2
g2 0-1

[Event "BL 8586 Bamberg-Porz"]
[Site "?"]
[Date "1986.??.??"]
[Round "?.1"]
[White "Troeger, P."]
[Black "Pfleger, He"]
[Result "1/2-1/2"]
[WhiteElo "2255"]
[BlackElo "2490"]
[PlyCount "99"]
[EventDate "1986.??.??"]

1. d4 Nf6 2. Nf3 e6 3. e3 b6 4. Bd3 Bb7 5. O-O Be7 6. Qe2 c5 7. c3 Nc6 8. Ba6
Bxa6 9. Qxa6 O-O 10. Nbd2 Qc7 11. Qe2 d5 12. Rd1 Rac8 13. Nf1 Ne4 14. Bd2 c4
15. Be1 b5 16. N3d2 Nxd2 17. Rxd2 f5 18. f3 e5 19. dxe5 Qxe5 20. Rad1 Rcd8 21.
f4 Qe4 22. Qf3 Qxf3 23. gxf3 d4 24. exd4 Bd6 25. Bg3 Ne7 26. Ne3 Ng6 27. Ng2
Kf7 28. Re2 Rfe8 29. Rde1 Rxe2 30. Rxe2 a5 31. Kf2 Bb8 32. Ke1 Rd7 33. Kd2 a4
34. Kc2 Nf8 35. b3 cxb3+ 36. axb3 Ne6 37. bxa4 bxa4 38. Kd3 g6 39. Ra2 Ra7 40.
Bf2 Nxf4+ 41. Nxf4 Bxf4 42. h3 g5 43. c4 Rb7 44. Rxa4 Rb3+ 45. Ke2 Rb2+ 46. Kf1
Rb1+ 47. Kg2 Rb2 48. Kf1 Rb1+ 49. Kg2 Rb2 50. Kf1 1/2-1/2

[Event "BL 8586 Bamberg-Porz"]
[Site "?"]
[Date "1986.??.??"]
[Round "?.2"]
[White "Seppeur, R."]
[Black "Goehring, K."]
[Result "1-0"]
[WhiteElo "2295"]
[BlackElo "2355"]
[PlyCount "63"]
[EventDate "1986.??.??"]

1. e4 e5 2. Bc4 Nf6 3. d3 Nc6 4. Nc3 Bc5 5. f4 d6 6. f5 Nd4 7. Nf3 c6 8. Nxd4
Bxd4 9. Qf3 b5 10. Bb3 Bb7 11. g4 Nd7 12. g5 Nc5 13. Ne2 Nxb3 14. axb3 Bb6 15.
Ng3 g6 16. Be3 c5 17. Rf1 Qe7 18. Qg4 Bc8 19. Qe2 Bd7 20. h4 O-O-O 21. O-O-O b4
22. Rf2 Bc6 23. Rdf1 Rd7 24. h5 a5 25. Qg4 Kb7 26. fxg6 fxg6 27. Rf6 Rg8 28.
Re6 Qd8 29. Rff6 gxh5 30. Qxh5 Bb5 31. Nf5 Bc7 32. Qh6 1-0

[Event "BL 8586 Bamberg-Porz"]
[Site "?"]
[Date "1986.??.??"]
[Round "?.3"]
[White "Gruen, G."]
[Black "Rodriguez, M."]
[Result "1-0"]
[WhiteElo "2410"]
[BlackElo "2465"]
[PlyCount "89"]
[EventDate "1986.??.??"]

1. d4 Nf6 2. Nf3 e6 3. c4 c5 4. d5 b5 5. Bg5 bxc4 6. Nc3 Qa5 7. Bxf6 gxf6 8. e4
Rg8 9. g3 Qb4 10. Qc1 f5 11. a3 Qa5 12. dxe6 fxe6 13. Ne5 Bg7 14. Nxc4 Bxc3+
15. bxc3 Qc7 16. e5 Qc6 17. Nd6+ Kd8 18. Rg1 Qd5 19. Nf7+ Ke7 20. Bg2 Qd3 21.
Nh6 Rg6 22. Bxa8 Rxh6 23. Qd2 Ba6 24. Qxd3 Bxd3 25. c4 Be4 26. Bxe4 fxe4 27.
O-O-O Nc6 28. Rge1 Nxe5 29. Rxe4 d6 30. f4 Nc6 31. Rd2 Nd4 32. Rb2 Kd7 33. Re3
Kc6 34. g4 Rf6 35. Rf2 d5 36. cxd5+ Kxd5 37. Kd2 Rf7 38. Re5+ Kc4 39. Rf1 Nb3+
40. Ke3 Rd7 41. Rxe6 Rd3+ 42. Kf2 Nd4 43. Re3 Rd2+ 44. Kg3 Ne2+ 45. Kh4 1-0

[Event "BL 8586 Erlangen-Bochum"]
[Site "?"]
[Date "1986.??.??"]
[Round "?.1"]
[White "Heinbuch, D."]
[Black "Hartmann, Wo"]
[Result "1/2-1/2"]
[WhiteElo "2360"]
[BlackElo "2315"]
[PlyCount "98"]
[EventDate "1986.??.??"]

1. d4 Nf6 2. Nf3 e6 3. g3 b6 4. Bg2 Bb7 5. O-O Be7 6. c4 O-O 7. Nc3 Ne4 8. Bd2
f5 9. d5 Nd6 10. b3 Na6 11. Be3 Bf6 12. Bd4 Nc5 13. Rc1 Nce4 14. Ne5 Qe7 15. f4
Rac8 16. Qd3 Rfd8 17. Nf3 Nxc3 18. Bxc3 Bxc3 19. Rxc3 Ne4 20. Rc2 Qc5+ 21. Nd4
exd5 22. cxd5 Qxd5 23. Nb5 Qxd3 24. exd3 Ba6 25. dxe4 Bxb5 26. Rd1 fxe4 27.
Bxe4 c5 28. Rcd2 Rc7 29. a4 Ba6 30. Bf5 Bc8 31. Rd6 g6 32. Bd3 Kf7 33. f5 Ke7
34. Be4 gxf5 35. Bxf5 Bb7 36. g4 Bf3 37. R1d2 Bxg4 38. Bxg4 Rg8 39. h3 h5 40.
Rxd7+ Rxd7 41. Rxd7+ Kf6 42. Rxa7 hxg4 43. Rb7 Ke5 44. Rxb6 gxh3+ 45. Kh2 Rh8
46. Rg6 Ra8 47. Rg5+ Kd6 48. Kxh3 c4 49. bxc4 Rxa4 1/2-1/2

[Event "BL 8586 Erlangen-Bochum"]
[Site "?"]
[Date "1986.??.??"]
[Round "?.2"]
[White "Huenerkopf, H."]
[Black "Sehner, N."]
[Result "0-1"]
[WhiteElo "2320"]
[BlackElo "2320"]
[PlyCount "60"]
[EventDate "1986.??.??"]

1. e4 c5 2. f4 Nc6 3. Nf3 g6 4. Nc3 Bg7 5. Bc4 e6 6. f5 exf5 7. d3 d6 8. O-O
Nge7 9. Qe1 Ne5 10. exf5 Bxf5 11. g4 Nxg4 12. Qh4 d5 13. Bb5+ Kf8 14. h3 h5 15.
Bg5 f6 16. Rae1 a6 17. Qg3 axb5 18. hxg4 hxg4 19. Nh4 b4 20. Rxe7 Qxe7 21. Nxd5
Qd7 22. Nb6 Qc6 23. Nxa8 fxg5 24. Nxg6+ Qxg6 25. Qb8+ Kf7 26. Qxb7+ Kg8 27.
Qb8+ Bf8 28. Nb6 Qc6 29. Rxf5 Qh1+ 30. Kf2 Rh2+ 0-1

[Event "BL 8586 Erlangen-Bochum"]
[Site "?"]
[Date "1986.??.??"]
[Round "?.3"]
[White "Budde, V."]
[Black "Heidrich, M."]
[Result "0-1"]
[WhiteElo "2345"]
[BlackElo "2260"]
[PlyCount "92"]
[EventDate "1986.??.??"]

1. e4 c5 2. Ne2 Nc6 3. d4 cxd4 4. Nxd4 e5 5. Nb5 a6 6. Nd6+ Bxd6 7. Qxd6 Qf6 8.
Qa3 Nge7 9. Bd3 O-O 10. Nc3 Rb8 11. Nd5 Nxd5 12. exd5 Ne7 13. O-O d6 14. Bd2
Nxd5 15. Bxh7+ Kxh7 16. Qd3+ Bf5 17. Qxd5 Qg6 18. Rfe1 Bxc2 19. Re3 Rfd8 20.
Rc1 Bf5 21. Rg3 Be6 22. Qf3 Qf5 23. Qe2 Rbc8 24. Bc3 f6 25. Rf3 Qg4 26. Re1 d5
27. h3 Qh5 28. Qc2+ Kg8 29. Qb3 Qe8 30. Ba5 Rd7 31. Rg3 d4 32. Qa3 Qh5 33. Bd2
Rc2 34. Qb4 Bd5 35. Qa4 Qf5 36. Rd1 Rxb2 37. Be1 Rxa2 38. Qb4 Qc2 39. Rd2 Qa4
40. Qc5 Qc6 41. Qa7 Ra1 42. Qb8+ Kh7 43. Rg4 Rxe1+ 44. Kh2 Re4 45. Qe8 Rf7 46.
Rxe4 Qxe8 0-1

[Event "BL 8586 Erlangen-Bochum"]
[Site "?"]
[Date "1986.??.??"]
[Round "?.4"]
[White "Feustel, B."]
[Black "Beckemeyer, W."]
[Result "1/2-1/2"]
[WhiteElo "2335"]
[BlackElo "2320"]
[PlyCount "35"]
[EventDate "1986.??.??"]

1. g3 Nf6 2. Bg2 e5 3. d3 Nc6 4. Nd2 d5 5. e3 Be6 6. Ne2 Be7 7. b3 d4 8. e4 h5
9. Nf3 Nd7 10. h4 f6 11. Nh2 Nc5 12. f4 f5 13. exf5 Bd5 14. O-O Bxg2 15. Kxg2
Qd5+ 16. Nf3 e4 17. dxe4 Qxe4 18. Nexd4 1/2-1/2

[Event "BL 8586 Erlangen-Bochum"]
[Site "?"]
[Date "1986.??.??"]
[Round "?.7"]
[White "Ackermann, H."]
[Black "Autenrieth, M."]
[Result "0-1"]
[WhiteElo "2255"]
[BlackElo "2315"]
[PlyCount "66"]
[EventDate "1986.??.??"]

1. e4 e5 2. Nc3 Nf6 3. g3 d5 4. exd5 Nxd5 5. Bg2 Nxc3 6. bxc3 Nc6 7. Qe2 Bd6 8.
Rb1 O-O 9. Nf3 Bf5 10. Nh4 Bxc2 11. Rxb7 e4 12. Qa6 Ne5 13. O-O Bd3 14. Qa4
Bxf1 15. Kxf1 f5 16. d4 exd3 17. Bf4 g5 18. Bxe5 Bxe5 19. Rb5 Rb8 20. Bd5+ Kh8
21. Nf3 Bxc3 22. Rxb8 Qxb8 23. Nxg5 d2 24. Bb3 Qb7 25. f3 h6 26. Qc4 Bg7 27.
Nf7+ Rxf7 28. Qd3 Re7 29. Kg2 Re8 30. Bc2 Qc8 31. g4 Qe6 32. Kh3 fxg4+ 33. Kg3
Qd6+ 0-1

[Event "BL 8586 Erlangen-Bochum"]
[Site "?"]
[Date "1986.??.??"]
[Round "?.8"]
[White "Roeder, F."]
[Black "Ueter, H."]
[Result "1-0"]
[WhiteElo "2250"]
[BlackElo "2270"]
[PlyCount "77"]
[EventDate "1986.??.??"]

1. e4 c5 2. c3 d5 3. exd5 Qxd5 4. d4 Nf6 5. dxc5 Qxc5 6. Na3 Bg4 7. Qb3 Qc8 8.
Bg5 Nc6 9. Bc4 e6 10. Bxf6 gxf6 11. Be2 Bxe2 12. Nxe2 Bc5 13. O-O O-O 14. Rad1
Kh8 15. Nc4 Qc7 16. Rd3 Rad8 17. Rfd1 Rxd3 18. Rxd3 Rd8 19. Qd1 b5 20. Rxd8+
Qxd8 21. Qxd8+ Nxd8 22. Nd2 Nc6 23. Ne4 Be7 24. Nd4 Nxd4 25. cxd4 f5 26. Nc3 a6
27. Kf1 Bd6 28. Ke2 Kg7 29. h3 Kf6 30. Kd3 Kg5 31. a4 bxa4 32. Nxa4 e5 33. dxe5
Bxe5 34. b4 Bd6 35. Kc4 f4 36. Nc5 f3 37. g3 f5 38. Nd3 h5 39. Ne1 1-0

[Event "BL 8586 Bamberg-Solingen"]
[Site "?"]
[Date "1986.??.??"]
[Round "?.2"]
[White "Seppeur, R."]
[Black "Lobron, E."]
[Result "0-1"]
[WhiteElo "2295"]
[BlackElo "2525"]
[PlyCount "82"]
[EventDate "1986.??.??"]

1. e4 e6 2. d4 d5 3. Nd2 c5 4. Ngf3 cxd4 5. Nxd4 Nc6 6. Bb5 Bd7 7. Nxc6 Bxc6 8.
Bxc6+ bxc6 9. O-O Nf6 10. Qf3 Qc7 11. Re1 Bd6 12. h3 O-O 13. b3 Rfe8 14. Bb2 e5
15. Re2 Re6 16. Rae1 Rae8 17. Kh1 h6 18. Rg1 Bb4 19. c3 Bf8 20. Rge1 Bd6 21.
Rg1 Qa5 22. Ra1 Qa6 23. Ree1 Bc5 24. Kg1 Rd8 25. Re2 Nh7 26. c4 d4 27. Qd3 Nf8
28. a3 Be7 29. b4 Qc8 30. Rb1 Rg6 31. Kh2 Ne6 32. g3 Ng5 33. g4 Ne6 34. Rg1 Nf4
35. Qf3 Nxe2 36. Qxe2 Bg5 37. Nf3 Bf4+ 38. Kh1 d3 39. Qd1 Qe6 40. Qb3 h5 41.
Nh4 hxg4 0-1

[Event "BL 8586 Bamberg-Solingen"]
[Site "?"]
[Date "1986.??.??"]
[Round "?.3"]
[White "Lau, R."]
[Black "Rodriguez, M."]
[Result "1-0"]
[WhiteElo "2460"]
[BlackElo "2465"]
[PlyCount "47"]
[EventDate "1986.??.??"]

1. d4 Nf6 2. Nf3 e6 3. c4 d5 4. Nc3 Be7 5. Bg5 h6 6. Bh4 O-O 7. e3 Nbd7 8. Rc1
c6 9. Bd3 dxc4 10. Bxc4 Nd5 11. Bg3 Nxc3 12. bxc3 Qa5 13. O-O Ba3 14. Rc2 b5
15. Bd3 Ba6 16. Ne5 Nxe5 17. Bxe5 Rfe8 18. Qg4 Bf8 19. f4 f5 20. Qg6 b4 21.
Bxa6 b3 22. Bc4 bxc2 23. Bxe6+ Rxe6 24. Qxe6+ 1-0

[Event "BL 8586 Bamberg-Solingen"]
[Site "?"]
[Date "1986.??.??"]
[Round "?.4"]
[White "Ruehrig, V."]
[Black "Dueball, J."]
[Result "1/2-1/2"]
[WhiteElo "2375"]
[BlackElo "2445"]
[PlyCount "154"]
[EventDate "1986.??.??"]

1. e4 c5 2. Nf3 d6 3. c3 Nf6 4. h3 Nc6 5. Bd3 e5 6. O-O Be7 7. Bc2 O-O 8. d4
cxd4 9. cxd4 exd4 10. Nxd4 Nb4 11. Nc3 Nxc2 12. Qxc2 Bd7 13. Be3 a6 14. a4 Qa5
15. Rfd1 Rfe8 16. Nde2 Bc6 17. Nd5 Nxd5 18. exd5 Bd7 19. Qb3 b5 20. Nd4 bxa4
21. Qb7 Bb5 22. b4 Qxb4 23. Nc6 Qh4 24. g3 Qf6 25. Bd4 Bxc6 26. dxc6 Qf5 27.
Rxa4 Qxh3 28. Ba7 h5 29. Re4 Bf8 30. c7 Rac8 31. Rxe8 Rxe8 32. Qc6 Rc8 33. Rd4
Qe6 34. Bb6 d5 35. Qb7 h4 36. Rxh4 Re8 37. Rd4 Qe1+ 38. Kg2 Qe6 39. Rxd5 Qe4+
40. f3 Qc2+ 41. Bf2 Re2 42. Qa7 Rxf2+ 43. Qxf2 Qxc7 44. Qd2 Qc6 45. Rd8 Qc5 46.
Ra8 Qa3 47. Kh3 g6 48. Qd5 Kg7 49. Ra7 Be7 50. Qb7 Kf8 51. Rxa6 Qc5 52. Qb2 Kg8
53. Ra8+ Bf8 54. Qf6 Qh5+ 55. Kg2 Qc5 56. Rd8 Qc2+ 57. Kh3 Qc5 58. Rd7 Qc4 59.
Qe5 Qf1+ 60. Kg4 Qc4+ 61. Kg5 Qc1+ 62. f4 Qh1 63. Kg4 f5+ 64. Kg5 Qh6+ 65. Kf6
Bg7+ 66. Rxg7+ Qxg7+ 67. Ke6 Qf7+ 68. Kd6 Kh7 69. Qe7 Kg7 70. Qxf7+ Kxf7 71.
Kd7 Kf6 72. Ke8 g5 73. Kd7 gxf4 74. gxf4 Kf7 75. Kd6 Kf6 76. Kd5 Kf7 77. Ke5
Ke7 1/2-1/2

[Event "BL 8586 Bamberg-Solingen"]
[Site "?"]
[Date "1986.??.??"]
[Round "?.6"]
[White "Kestler, H."]
[Black "Borik, O."]
[Result "1/2-1/2"]
[WhiteElo "2410"]
[BlackElo "2365"]
[PlyCount "28"]
[EventDate "1986.??.??"]

1. Nf3 Nf6 2. g3 d5 3. Bg2 c5 4. O-O Nc6 5. d3 g6 6. Nbd2 Bg7 7. e4 O-O 8. Re1
e6 9. exd5 exd5 10. Nf1 d4 11. N1d2 Be6 12. Nc4 Bd5 13. Bf4 b5 14. Nce5 Nxe5
1/2-1/2

[Event "BL 8586 Bochum-Bamberg"]
[Site "?"]
[Date "1986.??.??"]
[Round "?.1"]
[White "Pfleger, He"]
[Black "Heinbuch, D."]
[Result "1/2-1/2"]
[WhiteElo "2490"]
[BlackElo "2360"]
[PlyCount "137"]
[EventDate "1986.??.??"]

1. d4 d5 2. c4 dxc4 3. e3 Nf6 4. Bxc4 e6 5. Nf3 a6 6. a4 c5 7. O-O Nc6 8. Nc3
Be7 9. dxc5 Qxd1 10. Rxd1 Bxc5 11. h3 h6 12. e4 Nd7 13. Bf4 b6 14. Rd2 Bb7 15.
Rad1 O-O-O 16. Kf1 Rhe8 17. Ke2 Bb4 18. Rc2 Bxc3 19. Rxc3 Nc5 20. Bd3 e5 21.
Be3 Nd4+ 22. Kf1 Kb8 23. Bc2 Nxc2 24. Rxd8+ Rxd8 25. Bxc5 bxc5 26. Rxc2 Bxe4
27. Rxc5 Bd3+ 28. Ke1 f6 29. Nd2 Kb7 30. Nb3 Kb6 31. a5+ Kb7 32. Rc3 Bb5 33.
Nc5+ Kb8 34. f3 h5 35. h4 Rd4 36. g3 g6 37. b3 f5 38. Rc2 Rd5 39. Rc3 Rd8 40.
Rc2 Rd6 41. Rc3 Rd8 42. Rc2 Rd4 43. Rd2 Rxd2 44. Kxd2 Kc7 45. Ne6+ Kd6 46. Nf8
Be8 47. f4 e4 48. Nh7 Bf7 49. b4 Bc4 50. Kc3 e3 51. Nf8 Kd5 52. Nxg6 Ke4 53.
Ne5 Bb5 54. Kc2 Kd4 55. Kd1 Kc3 56. g4 fxg4 57. f5 Kxb4 58. f6 Be8 59. f7 Bxf7
60. Nxf7 Kxa5 61. Ne5 g3 62. Nc4+ Kb4 63. Nxe3 Kc3 64. Ke2 a5 65. Kf3 a4 66.
Nd5+ Kb3 67. Nf4 Kc2 68. Nd5 a3 69. Nb4+ 1/2-1/2

[Event "BL 8586 Bochum-Bamberg"]
[Site "?"]
[Date "1986.??.??"]
[Round "?.2"]
[White "Sehner, N."]
[Black "Seppeur, R."]
[Result "1-0"]
[WhiteElo "2320"]
[BlackElo "2295"]
[PlyCount "79"]
[EventDate "1986.??.??"]

1. e4 c5 2. Nf3 d6 3. d4 cxd4 4. Nxd4 Nf6 5. Nc3 g6 6. Be3 Bg7 7. f3 Nc6 8. Qd2
O-O 9. Bc4 Bd7 10. Bb3 Rc8 11. h4 h5 12. O-O-O Ne5 13. Bg5 Rc5 14. g4 hxg4 15.
h5 Nxh5 16. Nd5 Rxd5 17. Bxd5 Qb6 18. Bb3 Rc8 19. Bxe7 Nc4 20. Bxc4 Rxc4 21.
Nb3 gxf3 22. Bxd6 Rxe4 23. Bc5 Qf6 24. Bd4 Rxd4 25. Qxd4 Qg5+ 26. Qd2 Qf6 27.
c3 Bc6 28. Qd8+ Qxd8 29. Rxd8+ Kh7 30. Nd4 Be4 31. Kd1 f5 32. Rf1 Bxd4 33. cxd4
Nf4 34. Kd2 g5 35. Ke3 Nd5+ 36. Kf2 Kg6 37. Rd6+ Kh5 38. Re1 Nf4 39. Kg3 Bd3
40. Rh1+ 1-0